[Event "Petrov Memorial op"]
[Site "St Petersburg"]
[Date "2000.02.08"]
[Round "2"]
[White "Chepukaitis, Genrikh"]
[Black "Shaposhnikov, Evgeny"]
[Result "1/2-1/2"]
[WhiteElo "2393"]
[BlackElo "2503"]
[Annotator "Alterman,B"]
[PlyCount "62"]
[EventDate "2000.02.05"]
[EventType "swiss"]
[EventRounds "9"]
[EventCountry "RUS"]
[SourceTitle "CBM 076"]
[Source "ChessBase"]
[SourceDate "2000.05.31"]
[SourceVersion "1"]
[SourceVersionDate "2000.05.31"]
[SourceQuality "1"]

1. d4 Nf6 2. Bg5 Ne4 3. Bh4 d5 4. f3 Nf6 5. c4 (5. e4 dxe4 6. Nc3 $5 e3) 5...
c5 $146 (5... e6 6. Nc3 Be7 7. e4 Nxe4 8. fxe4 Bxh4+ 9. g3 Bf6 10. exd5 O-O 11.
Bg2 Re8 12. Nge2 exd5 13. Nxd5 Bg4 14. Nxf6+ Qxf6 15. Bxb7 Bxe2 16. Qxe2 Rxe2+
17. Kxe2 Nc6 18. Bxa8 $17 {1/2-1/2 Dus Chotimirsky,F-Kubbel,A/Petrograd 1923/
URS-ch (28)}) 6. cxd5 Qxd5 7. dxc5 Qxd1+ 8. Kxd1 e5 9. e4 Bxc5 10. Bb5+ Ke7 (
10... Bd7 11. Bxd7+ Nbxd7 $11) 11. Nc3 Be6 12. Nge2 a6 13. Ba4 Rd8+ 14. Kc2 b5
15. Bb3 Nc6 {[%csl Gb4,Gd4]} 16. Rad1 (16. Bxe6 Nb4+ 17. Kb3 Kxe6 {[%csl Gd3]})
16... Be3 $1 {[%cal Gc6d4,Rg7g5][%mdl 2048] Black trying to activise their
pieces,but white's position is easy protected.} 17. Kb1 Bxb3 18. axb3 g5 19.
Bg3 Ke6 (19... Rxd1+ 20. Rxd1 b4 21. Nd5+ Nxd5 22. Rxd5 f6 $13 {[%csl Rg3]
[%cal Gc6d4,Ga8c8]}) 20. h4 h6 21. hxg5 hxg5 22. Nd5 Nxd5 23. exd5+ Rxd5 24.
Rh6+ f6 25. Rxf6+ Kxf6 26. Rxd5 {[%csl Gb2,Rb3] Thanks to some weakness in the
Queen side black has a some better chances.} Ke6 27. Rd3 Bd4 (27... Bb6 28. Nc3
Rd8 29. Rxd8 Bxd8 30. Ne4 Kd5 $11) 28. Rd1 Rh8 29. Rc1 Kd5 {More interesting
was} (29... Nb4 $5 30. Rd1 Be3 31. Nc3 (31. Be1 Rh1) 31... Bf4 $1 32. Bf2 Rh2
$1 $132) 30. Nc3+ Bxc3 31. bxc3 g4 1/2-1/2

[Event "FIDE-Wch k.o."]
[Site "Las Vegas"]
[Date "1999.07.31"]
[Round "1.1"]
[White "Liang, Chong"]
[Black "Dizdar, Goran"]
[Result "1/2-1/2"]
[WhiteElo "2412"]
[BlackElo "2549"]
[Annotator "Alterman,B"]
[PlyCount "85"]
[EventDate "1999.07.31"]
[EventType "k.o."]
[EventRounds "7"]
[EventCountry "USA"]
[SourceTitle "CBM 072"]
[Source "ChessBase"]
[SourceDate "1999.10.01"]
[SourceVersion "1"]
[SourceVersionDate "1999.10.01"]
[SourceQuality "1"]

1. d4 Nf6 2. Bg5 Ne4 3. Bf4 d5 (3... c5 4. f3 Qa5+ 5. c3 Nf6 6. d5 (6. Nd2 cxd4
7. Nb3 Qf5 8. Bxb8 Rxb8 9. Qxd4 b6 10. e4 Qf4 11. Nh3 Qc7 12. e5 Ng8 13. O-O-O
e6 14. f4 f5 15. Be2 Nh6 16. Nf2 Be7 17. Kb1 Bb7 18. Qa4 Bc6 19. Bb5 Bxb5 20.
Qxb5 Qb7 21. Rd2 a6 22. Qa4 Rc8 23. Rhd1 Rc7 24. g3 b5 25. Qd4 O-O $13 {
Arduman,C-Hjartarson,J/Copenhagen PC/1996/}) 6... Qb6 7. Bc1 g6 (7... e6 8. c4
exd5 9. cxd5 c4 10. e3 Bc5 $5 $146 (10... Qa5+ 11. Nc3 b5 12. Qd4 Bb4 13. Qe5+
Kf8 14. a3 Bb7 15. axb4 $1 Qxa1 16. Nge2 Qa6 17. Nd4 d6 18. Qf4 Qb6 19. Nf5 a5
20. Nxg7 Kxg7 21. Qg5+ Kf8 22. Qxf6 Rg8 23. Qh6+ Rg7 24. e4 Kg8 25. Be3 $44 {
Hodgson,JM-Stohl,I/Isle of Man op/1995/}) 11. Kf2 O-O 12. Bxc4 d6 13. Ne2 Nbd7
14. Nbc3 Ne5 15. Na4 Qb4 16. b3 Nxc4 17. bxc4 Qxc4 18. Nxc5 Qxc5 19. Nf4 Re8
20. Re1 g5 21. Nd3 Qb6 22. Qb3 Qxb3 23. axb3 Nxd5 24. Ra5 Be6 25. e4 Ne7 26.
Rxg5+ Ng6 27. f4 f6 28. Rb5 Rac8 $132 {Hodgson,J-Wells,P/Copenhagen PC/1996/})
8. Nh3 d6 9. Nf2 Bg7 10. e4 e6 11. c4 O-O 12. Nc3 exd5 13. cxd5 Na6 14. Be2 Bd7
15. O-O Rac8 16. Bc4 Rfe8 17. a3 Nc7 18. a4 a6 19. Qd3 Na8 20. Bg5 Qc7 21. a5
Rb8 22. Rfe1 h6 23. Bd2 b5 24. axb6 Rxb6 25. b3 Qb8 26. Na4 $14 {Hodgson,
J-Ftacnik,L/Ischia/1996/}) 4. e3 (4. f3 Nf6 5. Nc3 e6 6. e4 Bb4 7. Qd3 c5 8.
dxc5 Nc6 9. O-O-O Bxc3 10. Qxc3 d4 11. Qd2 e5 12. Bg5 h6 13. Bxf6 Qxf6 14. Bb5
O-O 15. Ne2 Qe7 16. Bxc6 bxc6 17. c3 Qxc5 18. Kb1 dxc3 19. Qxc3 Qb5 20. Nc1 Be6
21. Rd6 Rfc8 22. Nd3 Rd8 23. Qxe5 Rxd6 24. Qxd6 Qa5 25. Qa3 Qd2 26. Rc1 Qxg2
$132 {Tichy,V-Smejkal,J/Mar.Lazne CS-ch/1978/}) (4. Nd2 {Greenfeld} c5 5. Nxe4
dxe4 6. dxc5 Qa5+ 7. c3 Qxc5 8. Qd4 $2 (8. Qa4+ Qc6 9. Qxc6+ Nxc6 10. f3 e5 11.
Be3 Bf5 12. g4 Be6 13. Nh3 f6 14. Nf2 exf3 15. exf3 Ne7 $10 {Tunik,G-Avrukh,B/
Beersheba/1996}) 8... Qxd4 9. cxd4 Nc6 10. O-O-O e5 $1 11. dxe5 Be6 12. Kb1 e3
$1 13. Bxe3 Nb4 $17 {Mikhalevski,V-Tseitlin,MD/Beersheba/1996}) 4... c5 (4...
c6 5. Bd3 Qb6 6. Bxe4 Qxb2 7. Nd2 dxe4 8. Ne2 Nd7 9. O-O Nf6 10. c4 Qa3 11. Ng3
g6 12. Be5 Bg7 13. Ngxe4 Nxe4 14. Bxg7 Nxd2 15. Qxd2 Rg8 16. Be5 f6 17. Bg3 b6
18. e4 c5 19. d5 Rg7 20. e5 fxe5 21. Bxe5 Rf7 22. Rfe1 Bf5 23. Qg5 Qa4 24. Bd6
O-O-O 25. Bxe7 Re8 26. Qh4 Bd3 27. Rac1 Bxc4 28. d6 Bb5 $10 {1/2,Hodgson,
J-Hjartarson,J/Copenhagen PC/1996/}) 5. Bd3 {Stohl: 'N/'} (5. Nd2 {Greenfeld})
(5. f3 {Greenfeld}) 5... Nc6 {'!?' Stohl.} (5... Qb6 6. Bxe4 dxe4 7. Nc3 {
with a strong imitiative}) (5... e6 {Greenfeld}) (5... g6 {Greenfeld}) 6. Bxe4
{'!?' Speelman,J. '?!' Stohl. Stohl: 'White wants to take over the initiative
forcefully, but his attempt nearly backfires.'} (6. c3 $10) 6... dxe4 7. d5 (7.
c3 Qb6 8. Qb3 Be6 $36) 7... e5 (7... Nb4 8. Nc3 {Stohl: '/\a3,Ne4'} e6 {
'[]' Stohl.} (8... f5 9. a3 Na6 10. f3 $16 {[%csl Gd4,Gd5,Ge5] [+],@}) (8...
Bf5 9. a3 Na6 10. Nge2 {[%csl Re4][%cal Ye2g3] /\Ng3,><e4}) 9. d6 $5 {Stohl:
'׻'} (9. dxe6 Bxe6 10. a3 Qxd1+ 11. Rxd1 $2 (11. Kxd1 O-O-O+ 12. Kc1 Nd5 {
'|^' Stohl.} 13. Nxe4 Nxf4 14. exf4 {Black has a wonderful position.}) 11...
Nxc2+ 12. Kd2 Bb3 13. Kc1 Na1 14. Re1 Be6) (9. Nxe4 $2 Qxd5 $19) 9... Nc6 {
'!' Stohl.} (9... Qa5 $5) (9... Qa5 $1 10. Nge2 (10. a3 $6 Nd5) 10... Bd7 (
10... Nd5 11. O-O Nxf4 12. Nxf4 $40) 11. O-O f5 12. a3 (12. Nc1 $6 {Greenfeld}
c4 $1 $13) 12... Nc6 13. b4 $1 {White has a lead in development and active
position, but his d6P is in serious danger and Black threatens to win it in
due course. Hodgson must use all his imagination to retain his initiative.
Baburin: White wants to open some files and create tension.} cxb4 $8 14. axb4
Qb6 (14... Qxb4 $6 15. Rb1 {[%cal Rb1b7] /\Rb7|^}) 15. b5 (15. Qd2 $1 {
Greenfeld} Nd8 (15... Nxb4 16. Rfb1 a5 17. Nxe4 fxe4 18. Rxb4 $16) (15... g6
16. b5 Nd8 17. Na4 $1 Qxb5 18. Rfb1 $18) 16. Na4 (16. Nd4 $5) 16... Bxa4 17.
Rxa4 $16) 15... Nd8 $1 (15... Na5 16. Ra4 $1 {[%cal Rd1a1] /\Qa1+-} Bxb5 17.
Nxb5 Qxb5 18. c4 $1 Nxc4 19. d7+ Kd8 20. Rxa7 $1 Rxa7 21. Bc7+ $18) 16. Nd4 (
16. Na4 $5 {Greenfeld} Qxb5 17. Nd4 Qa5 18. Nb3 $1 $44) 16... Nf7 {1-0 Hodgson,
J-Tseitlin,M/Ischia 1996/CBM 54/[Stohl] (34)} (16... Bxd6 17. Na4 (17. Nxf5 $5
$16) (17. Bxd6 {Greenfeld} Qxd6 18. Nxf5 $1 Qxd1 19. Nxg7+ $18) 17... Qc7 18.
Nxe6 Nxe6 19. Bxd6 $40 {[%csl Re8] עe8})) 10. Nxe4 (10. Nge2 $6 e5 11. Nb5
exf4 12. Nc7+ Kd7 13. Nxf4 Bxd6 14. Nxa8 Ke7) (10. b4 e5 11. Nb5 Be6 $1 (11...
exf4 $2 12. Nc7+ Kd7 13. Qg4+ Kxd6 14. Qxf4+ Ke7 15. Rd1) 12. Nc7+ Kd7 13. Nxa8
Qxa8 14. b5 exf4 15. bxc6+ Kxc6 $17) 10... f5 $6 {1-0 Speelman,J-Wang Yaoyao/
Beijing 1997/CBM 61/[Speelman,J] (23)} (10... e5 11. Bg5 Qb6 12. Qd5 Be6 $2 (
12... f6 13. O-O-O Bd7 14. Nxf6+ gxf6 15. Bxf6 Rd8 16. Nf3 $18) (12... Qxb2 13.
Rd1 $36) 13. Nxc5 $3 $18)) 8. Bg3 Ne7 (8... Nb4 9. Nc3 {Stohl: '/\ a3'} Bg4 10.
Qxg4 Nxc2+ 11. Kd2 Nxa1 12. Nge2 Qb6 13. Kc1 $16) 9. Nc3 (9. c4 f6 10. Nc3 Bf5
11. f3 $5 exf3 12. Nxf3 {with the initiative}) 9... f6 10. Nxe4 Nxd5 11. Bxe5
$1 {[%mdl 512]} Bf5 $1 {[%mdl 256]} (11... fxe5 12. Qh5+ {[%csl Yd5][%cal
Rh5e5,Gh5e8] With the winning attack.}) 12. Ng3 Be6 13. e4 (13. Bc3 Nxc3 14.
Qxd8+ Rxd8 15. bxc3 Be7 {With the good compensation for a pawn.}) 13... Nb4 14.
Bc3 Qxd1+ 15. Kxd1 Nxa2 16. N1e2 Nxc3+ 17. Nxc3 O-O-O+ 18. Ke2 a6 {[%mdl 4096]
Black has pair of bishops and they need only protect square d5 .} 19. Rhd1 Bd6
20. Nd5 Rhe8 21. Kf1 Be5 22. c3 Bxg3 23. hxg3 f5 24. Ra5 fxe4 25. Rxc5+ Kb8 26.
Ne3 Rxd1+ 27. Nxd1 b6 {Arising endgame looks drawish.} 28. Rg5 g6 29. Ne3 Bf7
30. Rg4 Re5 31. Rf4 Ba2 32. Ke1 a5 33. Kd2 Kb7 34. Kc2 Be6 35. Rf8 Kc6 36. Rh8
Rh5 37. Re8 Kd7 38. Rb8 Kc7 39. Re8 Kd7 40. Rb8 {Both sides can't improve
position so draw is normal result.} Kc7 41. Rf8 b5 42. Rf4 Re5 43. g4 1/2-1/2

[Event "Budapest FS06 GM"]
[Site "Budapest"]
[Date "1999.06.06"]
[Round "2"]
[White "Anastasian, Ashot"]
[Black "Lorscheid, Gerhard"]
[Result "1/2-1/2"]
[WhiteElo "2529"]
[BlackElo "2323"]
[Annotator "Alterman,B"]
[PlyCount "116"]
[EventDate "1999.06.??"]
[EventType "tourn"]
[EventRounds "10"]
[EventCountry "HUN"]
[EventCategory "9"]
[SourceTitle "CBM 072"]
[Source "ChessBase"]
[SourceDate "1999.10.01"]
[SourceVersion "1"]
[SourceVersionDate "1999.10.01"]
[SourceQuality "1"]

1. d4 Nf6 2. Bg5 Ne4 3. Bf4 d5 4. f3 Nd6 5. Nc3 e6 6. e4 c6 7. Bd3 Be7 8. Nge2
O-O 9. Qd2 b5 10. e5 Nc4 11. Bxc4 (11. Qc1 {Deserve attention.}) 11... bxc4 12.
Be3 Nd7 13. f4 Rb8 {[%cal Gb8b2,Yd8a5,Yc6c5] Starting a game on the Queenside.}
14. Rb1 f5 $1 {Important move after which white has to make a couple of moves
for the preparing the attack on the kingside .} 15. O-O Qa5 16. h3 Rf7 17. Kh2
Nf8 18. a3 g6 19. Ng1 Bd8 20. Nf3 Rfb7 21. Qc1 Be7 22. Nd1 {White has a lot of
problem with defending of the weak pawn on b2} Qc7 23. Ra1 Nd7 24. g4 Nf8 $2 {
[%mdl 16384] Black start to play passive and lost initiative. Better was to try
} (24... c5 $1) 25. Qd2 Bd7 26. Qf2 Be8 27. Rg1 Kh8 28. Rg2 Bd8 29. c3 Qg7 30.
Rc1 {Now all white's pieces on the game and black's rooks stands very bad .
White has a clear advantage.} Qh6 31. Kg1 Rf7 32. Qg3 Qg7 33. Rcc2 c5 34. dxc5
$2 (34. Nf2 $1 Ba4 35. Rd2 {And white's initiative on the Kingside very
dangerous.}) 34... Ba4 35. Rcd2 Rfb7 36. gxf5 gxf5 37. Qh2 (37. Qxg7+ Rxg7 38.
Rxg7 Kxg7 39. Nd4 Bxd1 $1) 37... Qf7 38. c6 (38. Bd4 $5 Qh5 39. Qg3 Ng6 40. Ne3
Bh4 $1) 38... Bxc6 39. Bd4 Qh5 40. Rg3 Ng6 41. Rdg2 Bh4 42. Kh1 Bxg3 43. Qxg3
Rg8 44. Ne3 Rbg7 45. Kh2 {White has some compensation for the exchange .} Ne7
46. Qf2 Rxg2+ 47. Nxg2 h6 48. Ne3 Ng6 (48... a6 49. Bc5 Ng6 50. Nd4 Bd7 51. Bd6
Qh4 $17) 49. Ng2 a6 50. Qf1 Kh7 51. Qf2 Nf8 52. Qe2 Qf7 53. Qf2 Ng6 54. Bc5 Qb7
55. Nd4 Rb8 56. Kg1 Bd7 57. Bd6 Rg8 58. Kh2 Qc8 1/2-1/2

[Event "EU-chT (Men) 12th"]
[Site "Batumi"]
[Date "1999.12.07"]
[Round "9.4"]
[White "Comas Fabrego, Luis"]
[Black "Manik, Mikulas"]
[Result "1/2-1/2"]
[WhiteElo "2510"]
[BlackElo "2447"]
[Annotator "Alterman,B"]
[PlyCount "68"]
[EventDate "1999.11.06"]
[EventType "team-swiss"]
[EventRounds "9"]
[EventCountry "GEO"]
[SourceTitle "CBM 074"]
[Source "ChessBase"]
[SourceDate "2000.02.01"]
[SourceVersion "1"]
[SourceVersionDate "2000.02.01"]
[SourceQuality "1"]
[WhiteTeam "Spain"]
[BlackTeam "Slovakia"]
[WhiteTeamCountry "ESP"]
[BlackTeamCountry "SVK"]

1. d4 Nf6 2. Bg5 c5 3. Bxf6 gxf6 4. d5 Qb6 5. Qc1 Bg7 (5... e6 6. c4 (6. Nc3 f5
7. e3 d6 (7... Bg7 $132) 8. g3 Nd7 9. Bg2 Nf6 $11 {Ermenkov,E-De Firmian,N/
Tunis izt 1985/1-0 (119)}) 6... f5 (6... Bg7 7. Nc3 f5 8. Nh3 e5 9. e3 d6 10.
Bd3 e4 11. Be2 $14 {1-0 Kovacevic,V-Popovic,P/Tuzla 1981/Inf 32 (51)}) 7. e3
Bg7 (7... Na6 8. Nc3 Nc7 9. Nge2 Qa5 10. Qd2 Rb8 11. Nf4 $14 {0-1 Werner,
V-Pribyl,J/Marbach ,EXT 1994 (34)}) 8. Nc3 Na6 (8... d6 9. Nh3 Nd7 10. Be2 Nf6
11. O-O Bd7 12. Nf4 O-O-O $132 {1-0 Kharitonov,A-Rozentalis,E/URS-FL
Sverdlovsk ,MCL 1984 (41)} (12... h5 13. dxe6 fxe6 14. Qc2 O-O-O 15. Bf3 Ng4
$132 {0-1 Llopis,M-Gofshtein,L/Castellar ,EXT 1995 (33)})) 9. Nf3 Nc7 10. Be2
d6 11. O-O Bd7 12. Qc2 O-O-O $132 {0-1 Ionov,S-Almasi,Z/Tilburg 1994 (76)}) 6.
c4 (6. g3 f5 7. c3 d6 8. Nd2 O-O 9. Nh3 Nd7 10. Nc4 Qa6 11. Qf4 Nf6 12. Bg2 Ne4
13. Nd2 (13. Ne3 Nxc3 14. bxc3 Bxc3+ $19) 13... Qb5 14. Rb1 e5 15. dxe6 Bxe6
16. Ng5 Nxd2 17. a4 Qc4 18. Qxd2 Rad8 $11) (6. Nf3 f5 7. c3 Na6 8. Na3 Qd6 9.
Qd2 Nc7 10. Rd1 b5 11. e3 a6 12. c4 Qf6 13. b3 Qb2 14. Nb1 $11 {1/2-1/2
Lachmann-Fricker/La Spezia 1974 (41)}) (6. Nd2 f5 7. c3 Qd6 8. c4 Qf6 9. Rb1 d6
10. e3 e5 11. Ne2 O-O 12. Ng3 $14 {1-0 Sariego,W-Batres,F/Managua Nicaragua
1985 (30)}) (6. Nc3 f5 7. e3 d6 8. a3 Na6 9. Bb5+ Bd7 10. Bxd7+ Kxd7 11. Nge2
Nc7 12. O-O Qa6 13. e4 Bxc3 14. Nxc3 fxe4 15. Qf4 Raf8 16. Qxe4 $14 {1/2-1/2
Guerrero Alvarez,R-Cardoso Garcia,S/Open, Malaga ESP 1998 (41)}) (6. c3 d6 (
6... e6 7. e4 f5 8. Na3 O-O 9. Nc4 $14 {0-1 Alburt,L-Savon,V/USSR (ch) 1972/
Inf 14 (60)}) (6... O-O 7. Na3 f5 8. e3 Qf6 9. Ne2 a6 10. Ng3 Bh6 11. Qd1 b5
12. Qf3 f4 13. Nh5 Qd6 14. Nxf4 Bb7 15. Rd1 Qf6 16. Nh5 Qxf3 17. gxf3 Kh8 18.
Rg1 e6 19. c4 exd5 20. cxd5 d6 21. Bh3 Rd8 22. Rg3 Nd7 23. Bf5 Nb6 24. Rh3 Rg8
25. Nf6 Rg5 26. e4 Rg1+ 27. Ke2 Rxd1 28. Kxd1 Kg7 29. Ng4 Bf4 30. Rxh7+ Kf8 31.
Be6 fxe6 32. dxe6 Bg5 33. Rxb7 Na4 34. Rf7+ Kg8 35. f4 Bh4 36. Nh6+ Kh8 37. e7
{1-0 Pomes,J-Wehmeier,S/Groningen 1991 (37)}) 7. e3 (7. Nd2 Nd7 (7... e6 8. Nc4
Qc7 9. Qf4 e5 10. Qg3 O-O 11. e4 $14 {0-1 Molineus Stefan-Ploehn Heiko/Bayern
Landesliga South 1995 (28)}) (7... f5 8. Ngf3 Nd7 9. Nc4 Qa6 10. Ne3 Bh6 11.
Qc2 Bxe3 12. fxe3 Nf6 $17 {0-1 Drozdov Alexandre-Manik,M/Slovakia ch 1996 (47)}
) 8. Ngf3 Qc7 9. e3 f5 10. Qc2 Nf6 11. Bb5+ Bd7 12. a4 Bxb5 13. axb5 Nxd5 14.
Qxf5 e6 15. Qg4 O-O $132 {1/2-1/2 Ubezio,M-Piantoni,R/Corsico Italy 1996 (28)})
(7. g3 Bf5 8. Bg2 Nd7 9. Nf3 h5 10. Nbd2 Ne5 11. Nxe5 fxe5 12. e4 Bd7 13. h4
$14 {1/2-1/2 Regatschnig,H-Vidali,J/Finkenstein ,EXT 1995 (51)}) 7... Na6 8.
Na3 Bd7 9. Ne2 O-O-O 10. Qd2 e5 11. Ng3 f5 12. Nh5 Rhg8 13. Nxg7 Rxg7 14. g3 f4
15. Nc4 Qc7 16. exf4 $16 {1-0 Kasparov,G-Prados,A/El Pais Simul, Madrid ESP
1997 (31)}) 6... Qb4+ (6... f5 7. Nc3 O-O (7... d6 8. e3 Nd7 9. f4 (9. Nge2 Nf6
10. Ng3 h5 11. Bd3 e6 $132) (9. Qd2 Nf6 10. f3 e5 (10... Bd7 11. Bd3 $11) 11.
Bd3 h5 12. Nge2 Bh6 13. Qc2 e4 14. fxe4 Ng4 $44) (9. Qc2 Nf6 (9... Ne5 10. Nf3
Bd7 11. Nd2 a5 12. Be2 a4 13. O-O O-O 14. Kh1 Kh8 15. f4 $14 {0-1 Kataev,
S-Krays,A/Tel-Aviv Cup rapid 1996 (21)}) 10. Bd3 Ne4 11. Nge2 Nxc3 12. bxc3 e6
$11 {1-0 Romero Holmes,A-Reinaldo,R/ch-ESP, Torrevieja 1997 (42)}) 9... Qb4 10.
Nf3 (10. Bd3 Nb6 $17) (10. Qc2 Nb6 11. a3 Bxc3+ 12. bxc3 Qa4 $11) 10... Nf6 (
10... Nb6 11. Nd2 Na4 12. Nxa4 Qxa4 13. Bd3 $11) 11. a3 Qa5 12. Nd2 $132 {
0-1 Miles,A-Garcia,G/Capablanca mem-A 1996 (33)}) 8. e3 d6 (8... Qf6 9. Nh3 e5
10. Be2 d6 11. f4 Qh4+ 12. Kd2 Nd7 13. Kc2 Qe7 14. Qe1 $14 {1-0 Jansa,V-David,
P/Lazne Bohdanec (Czech Republic) 1995 (42)}) 9. Bd3 e5 10. Qc2 e4 11. Be2 Nd7
12. Rc1 (12. Nh3 $14) 12... Ne5 13. Nh3 $14 {1-0 Matthiesen,A-De La Rosa,D/Jr
DM 1995 (32)}) 7. Nd2 f5 8. Rb1 d6 9. a3 Qa5 10. e3 (10. g3 Na6 11. Nh3 b5 12.
cxb5 Qxb5 13. Nf4 Rb8 14. Nc4 Qb3 15. Bh3 Bc3+ 16. Nd2 (16. Kf1 Qxc4 17. Kg2
Rg8 $19 {[%csl Rf4]} (17... e5 $4 18. dxe6 Bb7+ 19. f3 Be4 20. exf7+ Kxf7 21.
b3 $1 $132 {1-0 Romero,A-Arbouche,M/Coria op ESP 1994 (40)})) 16... Bxb2 17.
Nxb3 Bxc1 18. Rxc1 Rxb3 $17) 10... Nd7 {Black equalized} 11. Ne2 b5 $5 {
Pawn sacrifice} (11... Nf6 $132) 12. Nf4 (12. cxb5 Bb7 (12... Qxb5 $2 13. Ng3
Qb7 14. Nxf5 $16) 13. Nf4 (13. Ng3 Bxd5 14. Nxf5 Bf6 15. Qc2 $44) 13... Be5 14.
b4 cxb4 15. axb4 Qd8 $132) 12... bxc4 13. Bxc4 Nb6 (13... Rb8 $11) 14. O-O O-O
(14... Nxc4 15. Nxc4 Qb5 16. Qc2 $11) 15. Nh5 (15. b4 cxb4 16. axb4 Qa4 $11)
15... Bh6 $6 {It was not necessary to concede the important diagonal a1-h8} (
15... Be5 16. f4 Bh8 17. b4 cxb4 18. axb4 Qa4 19. Qe1 (19. Rf3 {This attack is
not dangerous for black} Rd8 20. Rg3+ Kf8 21. Rh3 (21. Nf3 Nxc4 22. Qxc4 Ba6
$17) 21... Nxc4 22. Qxc4 Ba6 23. b5 Qxc4 24. Nxc4 Bb7 $15) 19... h6 (19... Bc3
20. Rb3 $1) 20. Qg3+ Kh7 21. Rfc1 Rg8 22. Qh4 Nxc4 23. Nxc4 Qd7 24. Na5 Rg4 25.
Qh3 Ba6 $132 {[%cal Ga8g8]}) 16. b4 cxb4 17. axb4 Qa4 18. Qc3 $1 Bb7 (18...
Nxc4 $6 19. Nxc4 Qb5 ({Being not fallen in the latent trap:} 19... Ba6 $2 20.
Nxd6 $3 exd6 (20... Bxf1 21. Nxf5 $18) 21. Qf6 $1 (21. Nf6+ Kh8 22. Ra1 Qb5 23.
Ne8+ f6 24. Nc7 Qc4 $13) 21... Be2 22. Qxh6 Bxh5 23. Qxh5 $18) (19... Qd7 20.
Na5 $16) 20. Rfd1 {[%cal Gc4d6]} (20. Nxd6 $6 Qxd5 21. Rfd1 Qe6 22. Nb5 Bb7
$132) 20... Rd8 21. Na5 $16 (21. Nf6+ exf6 22. Qxf6 Qxc4 (22... Rd7 23. Nxd6
Qb6 24. Ne8 Rd8 25. d6 Rxe8 26. Qxh6 Re6 $15) 23. Qxd8+ Bf8 24. Rbc1 Qb3 $14))
19. Ra1 Qe8 $2 $16 (19... Qd7 $142 20. Qd3 (20. Ra5 Rfc8 21. Qd3 Nxc4 22. Nxc4
Qc7 $132) 20... Nxc4 21. Nxc4 Rfc8 $5 (21... Qb5 22. Ra5 $16) 22. Na5 $14) 20.
Qd3 Nxc4 21. Nxc4 Qb5 22. Ra5 $1 Qd7 23. Nd2 $2 {Is not logical} ({There were
at least 2 ways to increase advantage : 1)} 23. Rfa1 Qc7 24. Ng3 Bg7 (24... e6
25. Rxa7 Rxa7 26. Rxa7 Ra8 (26... Qb8 27. Ra4 Bxd5 28. Nxf5 $1 $18) 27. Rxa8+
Bxa8 28. e4 fxe4 29. Nxe4 $16) 25. R1a3 $16) ({2)} 23. Ng3 e6 (23... f4 24. Nf5
Bg5 25. exf4 Bf6 (25... Bxf4 26. Qh3 $1 $18 {[%csl Rd7][%cal Gh3g4,Gf5h6]}) 26.
Nce3 $16) 24. dxe6 fxe6 25. Qxd6 $16) 23... Bg7 $2 $18 (23... Rfc8 $6 24. Rfa1
a6 25. Nb3 $16) (23... Rfb8 24. Rfa1 Bc8 $14) 24. e4 $1 {[%cal Gd3g3]} (24.
Nxg7 $2 Kxg7 25. Rxa7 Rxa7 26. Qd4+ f6 27. Qxa7 Qb5 $11) 24... Bh6 $8 25. exf5
f6 (25... Bc8 26. f6 e5 27. dxe6 Qxe6 28. Ne4 $18) 26. Nf3 (26. Nc4 $18) 26...
Kh8 27. Nd4 Rg8 28. Ne6 a6 29. Ng3 Rab8 30. Ne4 (30. Re1 $18) 30... Bc8 31. Rb1
Qe8 32. Qh3 (32. b5 Bxe6 33. dxe6 axb5 34. Raxb5 Rxb5 35. Rxb5 Qc6 36. g3 $18)
32... Bxe6 33. fxe6 $2 $16 (33. dxe6 $18) 33... Qg6 34. Qf3 Rgc8 (34... Rgc8
35. Raa1 $16) 1/2-1/2

[Event "Sigeman & Co 07th"]
[Site "Malmo"]
[Date "1999.06.12"]
[Round "5"]
[White "Hall, Jesper"]
[Black "Timman, Jan H"]
[Result "0-1"]
[WhiteElo "2486"]
[BlackElo "2670"]
[Annotator "Alterman,B"]
[PlyCount "103"]
[EventDate "1999.06.??"]
[EventType "tourn"]
[EventRounds "9"]
[EventCountry "SWE"]
[EventCategory "14"]
[SourceTitle "CBM 072"]
[Source "ChessBase"]
[SourceDate "1999.10.01"]
[SourceVersion "1"]
[SourceVersionDate "1999.10.01"]
[SourceQuality "1"]

{[%mdl 64]} 1. d4 Nf6 2. Bg5 Ne4 3. Bf4 c5 4. f3 Qa5+ 5. c3 Nf6 6. Nd2 cxd4 7.
Nb3 Qb6 8. Qxd4 Qxd4 9. cxd4 (9. Nxd4 a6 $14) 9... e6 10. e4 Nc6 11. a3 (11.
Rc1 Be7 12. Be3 O-O 13. Be2 d6 14. Nh3 a5 15. a4 Bd7 16. Bb5 Rfc8 17. Ke2 Nb4
18. Nf2 Bxb5+ 19. axb5 a4 20. Nd2 Nc2 21. Nb1 $17 {0-1 Loebler,H-Muellneritsch,
A/AUT-ch 1996/EXT 98 (47)}) 11... d5 (11... a5 12. Be3 $11 {[%csl Gb5]}) 12. e5
Nd7 13. Be3 (13. Bd3 $5 $14) 13... Nb6 (13... f6 14. exf6 Nxf6 15. Rc1 $11) 14.
Rc1 Bd7 15. Bd3 Na4 16. Rc2 Rb8 (16... Be7 17. Nh3 $14) 17. Ne2 b5 18. Nd2 Na5
(18... b4 19. b3 bxa3 20. bxa4 $15) 19. b3 Nb6 20. Ra2 Be7 21. O-O O-O 22. f4 (
22. Rc1 Rbc8 $11) 22... Rfc8 (22... g6 23. Raa1 $11) 23. g4 {[%cal Yf4f5]
White intends f5} (23. Raa1 Rc7 $11) 23... b4 24. axb4 $11 (24. a4 Nbc4 $1 25.
bxc4 dxc4 $17) 24... Bxb4 {A comfortable square for the black bishop} (24...
Nc6 25. Bb1 $11) 25. Nf3 Nxb3 $14 (25... Na8 26. Rb1 $14) 26. Rxa7 $11 (26. Ba6
Rc7 27. Rb1 Ba4 28. Rxa4 Nxa4 29. Rxb3 Rb6 $14) 26... Na5 27. f5 {The typical
lever} Nc6 28. Raa1 Nc4 {The black knight on an outpost} 29. Bc1 (29. Bf4 exf5
30. gxf5 Ra8 $11) 29... Be7 (29... exf5 30. gxf5 Be7 31. Nf4 $11) 30. Nf4 (30.
Ng5 exf5 31. Bxf5 Bxf5 32. Rxf5 Bxg5 33. Bxg5 Rb2 $17) 30... Rb3 31. Ra2 $6 (
31. Ra6 Rcb8 $11) 31... Nxd4 $1 32. Nxd4 {The knight likes it on d4} Bc5 33.
Be3 {White has to cough up material} Ra3 $1 (33... Nxe5 34. fxe6 Bxe6 35. Nxb3
Bxe3+ 36. Kg2 Bxf4 37. Ba6 $11) 34. Rxa3 Nxe3 35. Rc3 {throwing away the
advantage} (35. Ba6 Ra8 36. fxe6 fxe6 37. Nfxe6 Bxa3 38. Bb7 {With the
advantage for black.}) 35... Bxd4 36. Rxc8+ Bxc8 37. Rc1 Nxf5+ 38. Kg2 Ne7 39.
Re1 Bc3 40. Re2 Bb7 41. Bb5 (41. Bb1 h6 $17) 41... g5 $15 (41... Nc6 42. Bxc6
Bxc6 43. Rc2 d4+ 44. Kg3 $17) 42. Nd3 Ng6 {[%cal Rc3e5,Rg6e5,Gd3e5,Ge2e5] The
isolani on e5 becomes a target} 43. Kg3 d4 $15 (43... Bd4 44. Re1 $15) 44. Nc5
(44. h3 Bd5 $17) 44... Bd5 {Black begins to deal mighty blows} 45. Nd7 $2 $19 (
45. Nd3 $142 $15 {is a viable option}) 45... Kg7 $1 46. Nf6 d3 $1 {finishing
the game} 47. Nh5+ Kh6 48. Bxd3 Nxe5 (48... Bxe5+ 49. Kf2 Bd4+ 50. Kf1 $19) 49.
Bb5 (49. Bb1 f5 50. gxf5 exf5 51. Bxf5 Kxh5 52. Bxh7 Nc6 $19) 49... Nf3 $1 {
the punch} 50. Bd3 (50. Re3 {does not help much} Be5+ 51. Rxe5 Nxe5 $19) 50...
Be5+ 51. Rxe5 Nxe5 52. Bc2 (52. Be2 $19) 0-1